000
00466nam a2200145Ia 4500
008
100122s9999 xx 000 0 und d
082
_b
48540
_a
623.19
100
_a
घाणेकर प्र के
245
_a
सोबत दुर्गांची
260
_b
स्नेहल प्रकाशन
_c
1993
300
_a
67
630
_a
सोबत दुर्गांची
730
_a
सोबत दुर्गांची
942
_c
BOOK
999
_c
427084
_d
427081